000 00494nam a2200133 4500
008 160425b xxu||||| |||| 00| 0 eng d
082 _2[2007]
_aDFil 220.7
_bSt94
245 _aStudy guide for peace and unity:
_bexcerpted from the best selling Bible reading for the home.
260 _aManila:
_bReview Herald Publishing Association and Pacific Press,
_c[c2007].
300 _a80 pages;
_c18 cm.
500 _aIncludes index.
650 0 _96311
_aBible
_vStudy and teaching
942 _2ddc
_cDFIL
999 _c1966
_d1966